[Event "TUR-chT"]
[Site "Kocaeli"]
[Date "2014.08.28"]
[Round "12.4"]
[White "Burcu, Cagatay"]
[Black "Butros, Ryan T"]
[Result "1-0"]
[WhiteElo "2099"]
[BlackElo "2130"]
[PlyCount "130"]
[EventDate "2014.08.18"]
[EventType "team-tourn"]
[EventRounds "13"]
[EventCountry "TUR"]
[SourceTitle "CBM 162 Extra"]
[Source "ChessBase"]
[SourceDate "2014.10.17"]
[SourceVersion "1"]
[SourceVersionDate "2014.10.17"]
[SourceQuality "1"]
[WhiteTeam "Antalya Calli"]
[BlackTeam "Tarsus Zeka"]
[WhiteTeamCountry "TUR"]
[BlackTeamCountry "TUR"]

1. d4 Nf6 2. Nf3 e6 3. Nbd2 d5 4. e3 c5 5. c3 Nc6 6. Bd3 Bd6 7. 0-0 0-0 8. dxc5 Bxc5 9. e4 Qc7 10. exd5 exd5 11. Nb3 Bd6 12. h3 Bf4 13. Re1 Bd7 14. Bxf4 Qxf4 15. Qd2 Qxd2 16. Nbxd2 Rfe8 17. Nb3 Rxe1+ 18. Rxe1 Re8 19. Rxe8+ Nxe8 20. Nc5 Bc8 21. Bb5 Kf8 22. Bxc6 bxc6 23. Ne5 Ke7 24. b4 Kd6 25. Nxf7+ Ke7 26. Ne5 Kd6 27. Nf3 a5 28. a3 axb4 29. axb4 Nc7 30. Nd4 g6 31. Kf1 Na6 32. Nxa6 Bxa6+ 33. Ke1 c5 34. bxc5+ Kxc5 35. h4 Bc8 36. Kd2 Kc4 37. Nf3 Bf5 38. Ne5+ Kb3 39. g4 Bb1 40. g5 Bf5 41. f4 Bb1 42. Nd7 Kc4 43. Nf6 d4 44. cxd4 Kxd4 45. Ke2 Ba2 46. Kf3 Bb3 47. Nxh7 Bd1+ 48. Kg3 Ke4 49. Nf6+ Kf5 50. Nd5 Bh5 51. Nc7 Bd1 52. Ne8 Ke6 53. h5 gxh5 54. Ng7+ Kf7 55. Nf5 Ke6 56. Ne3 Be2 57. f5+ Ke5 58. f6 Ke6 59. Kh4 Kf7 60. Nd5 Bb5 61. Kxh5 Be2+ 62. Kh6 Bd3 63. Ne3 Be4 64. Nc4 Bd5 65. Ne5+ Kg8 1-0

[Event "Tulsa Okie Challengers"]
[Site "Tulsa"]
[Date "2006.09.04"]
[Round "7"]
[White "Butros, Ryan T"]
[Black "Orton, William R"]
[Result "1/2-1/2"]
[WhiteElo "2176"]
[BlackElo "2137"]
[PlyCount "34"]
[EventDate "2006.09.02"]
[EventType "tourn"]
[EventRounds "7"]
[EventCountry "USA"]
[SourceTitle "CBM 114 Extra"]
[Source "ChessBase"]
[SourceDate "2006.11.03"]
[SourceVersion "1"]
[SourceVersionDate "2006.11.03"]
[SourceQuality "1"]

1. e4 c5 2. Nf3 Nc6 3. Bb5 g6 4. Bxc6 dxc6 5. Nc3 Bg7 6. d3 e5 7. Be3 Qe7 8. 0-0 Nf6 9. h3 Nd7 10. Nd2 Nf8 11. Ne2 Ne6 12. c3 0-0 13. f4 exf4 14. Nxf4 Nxf4 15. Bxf4 Qe6 16. Nf3 Rd8 17. Qc2 h6 1/2-1/2

[Event "Tulsa Okie Challengers"]
[Site "Tulsa"]
[Date "2006.09.02"]
[Round "1"]
[White "Braunlich, Tom"]
[Black "Butros, Ryan T"]
[Result "1-0"]
[WhiteElo "2191"]
[BlackElo "2176"]
[PlyCount "103"]
[EventDate "2006.09.02"]
[EventType "tourn"]
[EventRounds "7"]
[EventCountry "USA"]
[SourceTitle "CBM 114 Extra"]
[Source "ChessBase"]
[SourceDate "2006.11.03"]
[SourceVersion "1"]
[SourceVersionDate "2006.11.03"]
[SourceQuality "1"]

1. d4 d5 2. c4 c6 3. Nc3 Nf6 4. Nf3 e6 5. e3 Bd6 6. Qc2 Nbd7 7. g4 h6 8. Bd2 e5 9. cxd5 cxd5 10. Nb5 Bb8 11. Bb4 e4 12. Rc1 Nb6 13. Ne5 Nxg4 14. Nc7+ Bxc7 15. Bb5+ Nd7 16. Qxc7 Qxc7 17. Rxc7 Ngxe5 18. dxe5 Kd8 19. Bd6 Re8 20. Rg1 g6 21. Ke2 Re6 22. Rd1 Nxe5 23. Bxe5 Rxe5 24. Rxf7 Bg4+ 25. Ke1 Bxd1 26. Rf8+ Kc7 27. Rxa8 Bg4 28. Be8 Bc8 29. Bxg6 a6 30. Kd2 Rg5 31. Bf7 Rf5 32. Rxc8+ Kd7 33. Rf8 Ke7 34. Rb8 Rxf2+ 35. Ke1 Rxf7 36. Rxb7+ Kf6 37. Rxf7+ Kxf7 38. Kd2 Ke6 39. b4 Ke5 40. Kc3 h5 41. a4 h4 42. b5 axb5 43. axb5 d4+ 44. exd4+ Kd5 45. Kd2 Kd6 46. Ke3 Kd5 47. b6 Kc6 48. Kxe4 Kxb6 49. Ke5 Kc7 50. Ke6 Kd8 51. Kd6 h3 52. d5 1-0